Statistics for World Cup 2022 Countries in a Map

Click here to take the quiz!

General Stats

  • This quiz has been taken 107 times
  • The average score is 27 of 31

Answers on the Map

Answers color-coded by a green-red scale on the quiz's map according to % correct below.
 

Answer Stats

Answer% Correct
Argentina
99%
Australia
96%
Brazil
91%
Mexico
91%
USA
91%
Canada
90%
Germany
88%
Japan
88%
Saudi Arabia
88%
UK (Wales and England)
88%
Uruguay
88%
Croatia
87%
Ecuador
87%
Poland
87%
South Korea
87%
Belgium
86%
Costa Rica
86%
Denmark
86%
France
86%
Spain
86%
Iran
84%
Portugal
84%
Serbia
84%
Morocco
83%
Qatar
83%
Tunisia
83%
Ghana
80%
Senegal
80%
Cameroon
78%
Switzerland
78%
Netherlands
75%

Score Distribution

Percentile by Number Answered

Percent of People with Each Score

Your Score History

You have not taken this quiz